All Learnable Languages on Duolingo - Statistics

General Stats
  • This quiz has been taken 66 times
  • The average score is 29 of 42
Answer Stats
# of Native English-Speaking Learners Language % Correct
49.1M Spanish
100%
27.3M French
98%
11.8M Chinese
96%
13.5M Italian
96%
8.49M Arabic
94%
60.1M English
94%
24.6M Japanese
94%
6.17M Portuguese
94%
9.84M Russian
94%
19M German
92%
11.3M Hindi
87%
18M Korean
87%
3.35M Dutch
85%
2.38M Swedish
85%
2.66M Polish
83%
1.17M Finnish
81%
3M Greek
81%
1.79M Norwegian (Bokmål)
79%
1.11M Danish
75%
1.18M Romanian
75%
1.43M Ukrainian
75%
2.77M Vietnamese
75%
1.96M Irish
73%
993K Czech
71%
736K Swahili
71%
1.66M Hebrew
67%
5M Turkish
67%
2.34M Latin
56%
734K Hungarian
54%
405K Klingon
50%
366K Navajo
50%
761K Welsh
50%
1.19M Catalan
46%
424K Esperanto
46%
1.43M Indonesian
46%
643K Scottish Gaelic
46%
907K Zulu
44%
867K Hawaiian
38%
1.56M High Valyrian
38%
361K Yiddish
38%
596K Haitian Creole
37%
20.7M Intermediate English
8%
No matching quizzes found
Score Distribution
Percent of People with Each Score
Percentile by Number Answered
Your Score History
You have not taken this quiz